<?xml version="1.0" encoding="UTF-8"?>
<record
    xmlns:xsi="http://www.w3.org/2001/XMLSchema-instance"
    xsi:schemaLocation="http://www.loc.gov/MARC21/slim http://www.loc.gov/standards/marcxml/schema/MARC21slim.xsd"
    xmlns="http://www.loc.gov/MARC21/slim">

  <leader>03028cam a22003494a 4500</leader>
  <datafield tag="952" ind1=" " ind2=" ">
    <subfield code="0">0</subfield>
    <subfield code="1">0</subfield>
    <subfield code="2">ddc</subfield>
    <subfield code="4">0</subfield>
    <subfield code="7">0</subfield>
    <subfield code="8">NFIC</subfield>
    <subfield code="a">ASL</subfield>
    <subfield code="b">ASL</subfield>
    <subfield code="c">GEN</subfield>
    <subfield code="d">2021-02-11</subfield>
    <subfield code="e">ASB Library Collections</subfield>
    <subfield code="h">V-15</subfield>
    <subfield code="l">0</subfield>
    <subfield code="o">954.54 REP</subfield>
    <subfield code="p">105645</subfield>
    <subfield code="r">2021-02-11 00:00:00</subfield>
    <subfield code="t">C-1</subfield>
    <subfield code="w">2021-02-11</subfield>
    <subfield code="y">BK</subfield>
    <subfield code="z">RARE</subfield>
  </datafield>
  <datafield tag="999" ind1=" " ind2=" ">
    <subfield code="c">21723</subfield>
    <subfield code="d">21723</subfield>
  </datafield>
  <controlfield tag="001">15427640</controlfield>
  <controlfield tag="003">BDDh-ASL</controlfield>
  <controlfield tag="005">20231015030031.0</controlfield>
  <controlfield tag="008">080826n    18uuii ab    b    001 0 eng  </controlfield>
  <datafield tag="010" ind1=" " ind2=" ">
    <subfield code="a">  2008331476</subfield>
  </datafield>
  <datafield tag="025" ind1=" " ind2=" ">
    <subfield code="a">I-E-2008-331476; 61-92</subfield>
  </datafield>
  <datafield tag="037" ind1=" " ind2=" ">
    <subfield code="b">Library of Congress -- New Delhi Overseas Office</subfield>
    <subfield code="c">Rs5950.00 (set)</subfield>
  </datafield>
  <datafield tag="040" ind1=" " ind2=" ">
    <subfield code="a">DLC</subfield>
    <subfield code="c">DLC</subfield>
    <subfield code="d">DLC</subfield>
    <subfield code="d">BDDh-ASL</subfield>
  </datafield>
  <datafield tag="042" ind1=" " ind2=" ">
    <subfield code="a">lcode</subfield>
  </datafield>
  <datafield tag="043" ind1=" " ind2=" ">
    <subfield code="a">a-ii---</subfield>
  </datafield>
  <datafield tag="050" ind1="0" ind2="0">
    <subfield code="a">DS418</subfield>
    <subfield code="b">.C87 2000</subfield>
  </datafield>
  <datafield tag="082" ind1=" " ind2=" ">
    <subfield code="a">954.54</subfield>
    <subfield code="b">REP</subfield>
  </datafield>
  <datafield tag="100" ind1="1" ind2=" ">
    <subfield code="a">Cunningham, Alexander,</subfield>
    <subfield code="c">Sir,</subfield>
    <subfield code="d">1814-1893.</subfield>
  </datafield>
  <datafield tag="245" ind1="1" ind2="0">
    <subfield code="a">Cunningham report : Report of a Tour in Bihar and Bengal in 1879-80, Vol.- 15 / </subfield>
  </datafield>
  <datafield tag="260" ind1=" " ind2=" ">
    <subfield code="a">New Delhi :</subfield>
    <subfield code="b">Archaeological Survey of India,</subfield>
    <subfield code="c">18uu?.</subfield>
  </datafield>
  <datafield tag="300" ind1=" " ind2=" ">
    <subfield code="a">v-15 : </subfield>
    <subfield code="b">ill., maps ;</subfield>
    <subfield code="c">25 cm.</subfield>
  </datafield>
  <datafield tag="500" ind1=" " ind2=" ">
    <subfield code="a">Cover title.</subfield>
  </datafield>
  <datafield tag="500" ind1=" " ind2=" ">
    <subfield code="a">At head of title: Archaeological Survey of India.</subfield>
  </datafield>
  <datafield tag="500" ind1=" " ind2=" ">
    <subfield code="a">Originally published: 19th cent.</subfield>
  </datafield>
  <datafield tag="504" ind1=" " ind2=" ">
    <subfield code="a">Includes bibliographical references and index</subfield>
  </datafield>
  <datafield tag="505" ind1="0" ind2=" ">
    <subfield code="a">v. 1-2. Four reports made during the years 1862-63-64-65 -- v. 3. Report for the year 1871-72 -- v. 4. Report for the year 1871-72 : Delhi, Agra -- v. 5. Report for the year 1872-73 -- v. 6. Report of a tour in eastern Rajpurana in 1871-72 and 1872-73 / by A.C.L. Carlleyle -- v. 7. Report of a tour in Bundelkhand and Malwa, 1871-72 and in the Central Provinces, 1873-74 -- v. 8. Report of a tour through the Bengal provinces of Patna, Gaya, Mongir, and Bhagalpur, the Santal Parganas, Manbhum, Singhbhum &amp; Birbhum, Bankura, Raniganj, Bardwan, and Hughli -- v. 9. Report of a tour in the Central Provinces in 1873-74 and 1874-75 -- v. 10. Report of tours in Bundelkhand and Malwa, in 1874-75 and 1876-77 -- v. 11. Report of tours in the Gangetic provinces from Badaon to Bihar in 1875-76 and 1877-78 -- v. 12. Report of tours in the central Doab and Gorakhpur in 1874-75 and 1875-76 -- v. 13. Report of tours in the south-eastern provinces in 1874-75 and 1875-76 -- v. 14. Report of a tour in the Punjab in 1878-79 -- v. 15. Report of a tour in Bihar and Bengal in 1879-80 -- v. 16. Report of tours in north and south Bihar in 1880-81 -- v. 17. Report of a tour in the Central Provinces and lower Gangetic Doab in 1881-82 -- v. 18. Report of a tour in the Gorakhpur District in 1875-76 and 1876-77 / by A.C.L. Carlleyle -- v. 19. Report of a tour through Behar, central India, Peshawar, and Yusufzai in 1881-82 -- v. 20. Report of a tour in eastern Rajputana in 1882-83 -- v. 21. Reports of a tour in Bundelkhand and Rewa in 1883-84 and of a tour in Rewa, Bundelkhand, Malwa, and Gwalior in 1884-85 -- v. 22. Report of tours in Gorakhpur, Saran, and Ghazipur in 1877-78-79 and 80 -- v. 23. Report of a tour in the Panjab and Rajputana in 1883-84 -- v. 24. General index to the reports of the Archaeological Survey of India.</subfield>
  </datafield>
  <datafield tag="651" ind1=" " ind2="0">
    <subfield code="a">India</subfield>
    <subfield code="x">Antiquities.</subfield>
  </datafield>
  <datafield tag="710" ind1="2" ind2=" ">
    <subfield code="a">Archaeological Survey of India.</subfield>
  </datafield>
  <datafield tag="906" ind1=" " ind2=" ">
    <subfield code="a">7</subfield>
    <subfield code="b">cbc</subfield>
    <subfield code="c">origode</subfield>
    <subfield code="d">3</subfield>
    <subfield code="e">ncip</subfield>
    <subfield code="f">20</subfield>
    <subfield code="g">y-gencatlg</subfield>
  </datafield>
  <datafield tag="942" ind1=" " ind2=" ">
    <subfield code="2">ddc</subfield>
    <subfield code="c">BK</subfield>
  </datafield>
</record>
